| 000 | 00579nam a22002057a 4500 | ||
|---|---|---|---|
| 003 | OSt | ||
| 005 | 20240614115728.0 | ||
| 008 | 240614b |||||||| |||| 00| 0 eng d | ||
| 020 | _a0131453335 | ||
| 040 | _cMust | ||
| 082 |
_23rd. _a515 WAD 2004 |
||
| 100 |
_aWade, William R. _911019 |
||
| 245 |
_aAn introduction to Analysis/ _cWilliam R. Wade |
||
| 250 | _a3rd ed. | ||
| 260 |
_aNew Jersey: _bPeason Prentice Hall; _cc2009. |
||
| 300 |
_axiv,625p.; _bill.: _c24cm. |
||
| 504 | _aIncludes Bibliographical references and index | ||
| 600 | _2Mathematics | ||
| 942 |
_2ddc _cO_SHELF |
||
| 999 |
_c8471 _d8471 |
||